000 00662nam a2200169 a 4500
001 000036712
005 20200930075905.0
008 120125s1953 es 000 0 spa d
040 _aDO-SdBNP
_bspa
_cBNPHU
100 1 _aIpser, Karl
_963015
245 1 4 _aLas obras de arte del Vaticano :
_bcon 160 láminas /
_cKarl Ipser ; traducción del alemán por Francisca Palau-Ribes Casamitjana.
260 _aBarcelona :
_bEditorial Orbis,
_c1953.
300 _a198 p., 160 láms :
_bil. ;
_c25 cm.
490 1 _aColecciones de arte (Ciudad del Vaticano)
700 1 2 _aPalau-Ribes Casamitjana, Francisca
_963016
830 0 _aColecciones de arte (Ciudad del Vaticano)
_963017
999 _c36203
_d36203